• 首页
  • 本馆介绍
  • 公告通知
  • 最新文献
  • 馆藏检索
  • 电子资源
  • 读者导购
  • 参考咨询
  • 我的图书馆
  • 登录
  • 详细信息显示
  • 放入我的书架
  • 预约/预借图书
  • 作者相关作品
  • 分类相关作品
  • 丛书相关作品
  • 出版社相关作品

书目信息

  • 表格格式
  • 工作单格式
  • 卡片格式
题名:
九年制义务教育全日制初级中学语文教学大纲
    
 
作者: ;国家教育委员会 制订
分册:  
出版信息: 北京   人民教育出版社  1992
页数: 13页
开本: 20cm
丛书名:
单 册:
中图分类: G633.3 , G633.5
科图分类:
主题词: 语文课-教学大纲--初中 , 教学大纲-语文课--初中
电子资源:
ISBN: 7-107-01418-8
000 00840nam0 2200229 45
001 0193006718
005 20070615165549.50
010    @a7-107-01418-8@dCNY0.70
100    @a19930201d1992 em y0chiy0121 ea
101 0  @achi
102    @aCN@b110000
105    @ay z 000yy
200 10 @a九年制义务教育全日制初级中学语文教学大纲@Ajiu nian zhi yi wu jiao yu quan ri zhi chu ji zhong xue yu wen jiao xue da gang@e试用@ESHI YONG@f中华人民共和国国家教育委员会制订@FZHONG HUA REN MIN GONG HE GUO GUO JIA JIAO YU WEI YUAN HUI ZHI DING
210    @a北京@c人民教育出版社@d1992
215    @a13页@d20cm
606    @a语文课-教学大纲@x初中
606    @a教学大纲-语文课@x初中
690    @aG633.3@v3
690    @aG633.5@v4
711 02 @a国家教育委员会@AGUO JIA JIAO YU WEI YUAN HUI@4制订
801  0 @aCN@bTSSF@c20070615
905    @a10447@dG633.3@e500
    
    九年制义务教育全日制初级中学语文教学大纲:试用/中华人民共和国国家教育委员会制订.-北京:人民教育出版社,1992
    13页;20cm
    
    
    ISBN 7-107-01418-8:CNY0.70
    
●
相关链接 在E读中查询图书 在五车中查询图书 在当当中查询图书 在豆瓣中查询图书


正题名:九年制义务教育全日制初级中学语文教学大纲     索取号:G633.3/500         预约/预借

序号 登录号 条形码 馆藏地/架位号 状态 备注
1 0408887   204088879   第一样本阅览室/ [索取号:G633.3/500] 在馆    
2 0408888   204088888   密集书库/ [索取号:G633.3/500] 在馆    
3 0408889   204088897   密集书库/ [索取号:G633.3/500] 在馆    
4 0408890   204088904   密集书库/ [索取号:G633.3/500] 在馆    
5 0408891   204088913   密集书库/ [索取号:G633.3/500] 在馆    
6 0653093   206530930   库房3/ [索取号:G633.3/500] 在馆    
唐山师范学院图书馆 欢迎您!
大连网信软件有限公司© 版权所有